Термическое разложение лигнино-целлюлозного комплекса торфа; Известия Томского политехнического института [Известия ТПИ]; Т. 257 : Неорганическая химия и химическая технология

Bibliographic Details
Parent link:Известия Томского политехнического института [Известия ТПИ]/ Томский политехнический институт (ТПИ).— , 1944-1976
Т. 257 : Неорганическая химия и химическая технология.— 1973.— [С. 9-12]
Main Author: Смольянинов С. И. Станислав Иванович
Other Authors: Белихмаер Я. А., Икрин В. М. Валентин Михайлович
Summary:Заглавие с титульного листа
Электронная версия печатной публикации
Language:Russian
Published: 1973
Subjects:
Online Access:Черно-белая версия для предварительного просмотра
Цветная версия без потери качества
Format: Electronic Book Chapter
KOHA link:https://koha.lib.tpu.ru/cgi-bin/koha/opac-detail.pl?biblionumber=230119

MARC

LEADER 00000nla2a2200000 4500
001 230119
005 20231031202509.0
035 |a (RuTPU)RU\TPU\book\250842 
035 |a RU\TPU\book\250839 
090 |a 230119 
100 |a 20130118d1973 k y0rusy50 ca 
101 0 |a rus 
102 |a RU 
135 |a drnn ---uucaa 
181 0 |a i  
182 0 |a b 
200 1 |a Термическое разложение лигнино-целлюлозного комплекса торфа  |b Электронный ресурс  |f С. И. Смольянинов, Я. А. Белихмаер, В. М. Икрин 
203 |a Текст  |c электронный 
215 |a 2 файла (195 Кб, 4.1 Мб) 
230 |a Электронные текстовые данные (2 файла : 195 Кб, 4.1 Мб) 
300 |a Заглавие с титульного листа 
300 |a Электронная версия печатной публикации 
320 |a [Библиогр.: с. 12 (5 назв.)] 
337 |a Adobe Reader 
461 1 |0 (RuTPU)RU\TPU\book\200995  |t Известия Томского политехнического института [Известия ТПИ]  |f Томский политехнический институт (ТПИ)  |d 1944-1976 
463 1 |0 (RuTPU)RU\TPU\book\250835  |t Т. 257 : Неорганическая химия и химическая технология  |v [С. 9-12]  |d 1973  |p 256 с. 
610 1 |a электронный ресурс 
610 1 |a труды учёных ТПУ 
700 1 |a Смольянинов  |b С. И.  |c российский химик-технолог  |c профессор Томского политехнического университета  |f 1925-1991  |g Станислав Иванович  |2 stltpush  |3 (RuTPU)RU\TPU\pers\15849 
701 1 |a Белихмаер  |b Я. А. 
701 1 |a Икрин  |b В. М.  |c преподаватель  |c декан химико-технологического факультета Томского политехнического университета  |f 1944-2006  |g Валентин Михайлович  |2 stltpush  |3 (RuTPU)RU\TPU\pers\20246 
801 1 |a RU  |b 63413507  |c 20090320  |g PSBO 
801 2 |a RU  |b 63413507  |c 20130412  |g PSBO 
856 4 |u http://www.lib.tpu.ru/fulltext/v/Bulletin_TPU/1973/v257/02_bw.pdf  |z Черно-белая версия для предварительного просмотра 
856 4 |u http://www.lib.tpu.ru/fulltext/v/Bulletin_TPU/1973/v257/02_full.pdf  |z Цветная версия без потери качества 
942 |c CF